Normal view
MARC view
Entry Personal Name
001 - CONTROL NUMBER
- control field: 41109
003 - CONTROL NUMBER IDENTIFIER
- control field: dpl
005 - DATE AND TIME OF LATEST TRANSACTION
- control field: 20120207171107.0
008 - FIXED-LENGTH DATA ELEMENTS
- fixed length control field: 120207|||a|||||| | ||| d
040 ## - CATALOGING SOURCE
- Original cataloging agency: dpl
- Transcribing agency: dpl
100 ## - HEADING--PERSONAL NAME
- Personal name: Vinayan,B
670 ## - SOURCE DATA FOUND
- Source citation: Work cat.: (dpl)62198: Vinayan,B, Beyond the blue river, 2011
670 ## - SOURCE DATA FOUND
- Source citation: Work cat.: (dpl)62198: Vinayan,B, Beyond the blue river, 2011
